A-Z: names ending in N - Statistics

General Stats
  • This quiz has been taken 38 times
    11 since last reset
  • The average score is 15 of 26
Answer Stats
Initial letter Clue Name ending in N % Correct
D Surname of the biologist behind the theory of evolution Darwin
100%
B Prussian composer of Für Elise and Moonlight Sonata Beethoven
91%
I Apple-loving physicist who wrote Philosophiae Naturalis Principia Mathematica Isaac Newton
91%
J Beatles guitarist John Lennon
91%
L Soviet leader and revolutionary Lenin
91%
N Disgraced US president Richard Nixon
91%
W Filmmaker and actor famous for Annie Hall Woody Allen
91%
Z Meditative form of Buddhism Zen
91%
A Surname of Norwegian who was the first person to reach the South Pole Amundsen
82%
K Silent film actor and stuntman Buster Keaton
82%
F Actor Errol Flynn
73%
Q Old actor Anthony and quarterback Ewers Quinn
73%
U Pope, the second of whom launched the Crusades in 1096 Urban
73%
E Liverpool football team Everton
55%
T Line of latitude around the Earth at 23.5 degrees south Tropic of Capricorn
55%
Y The modern name for the city of Rangoon in Myanmar Yangon
55%
O Geometric stage name of a rapping doctor Octagon
45%
M Monty Python member Michael Palin
36%
H One of the seven wonders of the world, located in Iraq Hanging Gardens of Babylon
27%
G American punk infamous for his extreme onstage behaviour G.G. Allin
18%
R Actor whose credits include The Magnificent Seven and The Man from U.N.C.L.E. Robert Vaughn
18%
S Sultan of Egypt who defeated the Christians in the Third Crusade Saladin
18%
V Czech football team from the town which gave its name to Pilsner lager Viktoria Plzeň
18%
C British record label who released music by My Bloody Valentine and Oasis Creation
9%
P Castle near Bangor in Wales Penrhyn
9%
X Ancient Greek military leader, philosopher, and historian Xenophon
9%
No matching quizzes found
Score Distribution
Percent of People with Each Score
Percentile by Number Answered
Your Score History
You have not taken this quiz since the last reset